00812nam a2200193 a 4500008004100000050002200041100002500063245009300088246005900181260003700240300001500277650001200292650003500304650001800339710004500357995007800402999001700480952012100497150622s1988 ||||||||||||||||| || u aGOV.ZAM(02)1988/2 aNigam, Shyam B. L. S10aTripartite National Seminar on Labour Market Information in Zambiacby Shyam B. L. Nigam aNature, scope and sources of labour market information aLusakabGovernment Printerc1988 a26p.: ill. aECONOMY aRESEARCH ON EMPLOYMENT--ZAMBIA aLABOUR MARKET aThe Government of the Republic of Zambia FCBU-MAIN LIBRARY (Kitwe)M1UAVAILABLEWJun 22, 2015ZZambiana Collection c60448d60448 00102lcc4070a001b001cZambiana Collectiond2022-11-30l0oGOV.ZAM(02)1988/2pB1844r2022-11-30w2022-11-30y002